00391nam a2200133Ia 4500003000400000005001700004008004100021040001800062041000800080100004700088110001800135245008400153260002000237OSt20230525110247.0211028s2018 xx 000 0 und d cAIMIT LIBRARY aeng aShetty, Dhanush K; Lasrado, Suman.e161913 aSuman Lasrado aResource management system an internal application for manager/employee/admins. aMangaluruc2018